000 00464nam a2200181Ia 4500
001 2663
005 20260306144823.0
008 260306t2023||||xx |||||||||||||| ||spa||
041 _aESP
082 _a201
_bO64
100 _aO'Reilly, Francisco,
_eAUT
245 0 _a¿Es Dios persona? :
_bnuevas perspectivas en filosofía de la religión
260 _c2023
300 _a225 páginas :
_c24 cm.
650 _aGEN
654 _aCHU
942 _cLIB
_dJUS
_fJUS
_2ddc
_n
999 _c2663
_d2663